00414nam a22001337a 450000500170000000800410001704100130005808200130007110000130008424500390009726000860013630000320022265000260025420240527074335.0240527b |||||||| |||| 00| 0 eng d aEnglish  a349 LAW  lEnglish  aThe Law Reports: Chancery Division aLondon: cThe Incorporated Council of Law Reporting for England and Wales, b1901 bxxxiv, 996 pages; c25 cm.  aLegal practice bLaw